| 000 | 01050nam a2200229 a 4500 | ||
|---|---|---|---|
| 008 | 091014s1993 ||||||||||||||||| || u | ||
| 050 | _aAERC(08)RP/19A | ||
| 100 | _aNiamkey, Amlan Madeleine | ||
| 245 | 1 | 0 |
_aEuropean economic integration and the Franc zone--: Executive summary _cAllechi M'bet and Amlan Madeleine Niamkey |
| 260 |
_aNairobi: _bAERC _c1993 |
||
| 300 | _a78p. | ||
| 350 | _a0.00 | ||
| 362 | 1 | _aResearch paper no. 19 vol. 1 and 2 | |
| 490 | _aAERC Research paper | ||
| 650 | _aECONOMIC INTEGRATION--FRANCOPHONE AFRICA | ||
| 650 | _aMONEY--AFRICA, FRENCH-SPEAKING WEST--STATISTICS | ||
| 650 | _aMONEY--ECONOMIC INTEGRATION | ||
| 700 | _aM'bet, Allechi | ||
| 710 | _aAfrican Economic Research Consortium (AERC) | ||
| 995 |
_aSPECIAL COLLECTIONS _e03004677 _FCBU-MAIN LIBRARY (Kitwe) _I0.00 _jAERC(08)RP/19B _M2 _UAVAILABLE _WApr 6, 2016 _y03004677 _ZInternational Publications |
||
| 995 |
_aSPECIAL COLLECTIONS _e03004676 _FCBU-MAIN LIBRARY (Kitwe) _I0.00 _jAERC(08)RP/19A _M1 _UAVAILABLE _WMar 11, 2016 _y03004676 _ZInternational Publications |
||
| 999 |
_c62889 _d62889 |
||